000 00442nam a2200169Ia 4500
008 230524s9999 xx 000 0 und d
020 _a9788120329881
082 _a621.382
_bKAN
100 _aSrinivas R.Kandula
245 0 _a"Performance Management : Strategies, Interventions & Drivers"
250 _aIST
260 _aNEW DELHI
_bPHI
_c2005
300 _aV;320
500 _aQuantity Number: 3
650 _aManagement
942 _cBK
999 _c45430
_d45430